| 000 | 00441nam a2200157 4500 | ||
|---|---|---|---|
| 020 | _a978-607-32-1150-5 | ||
| 050 | _aQA76.73.J38 D4318 2012 | ||
| 082 | _a001.642.4 D354p 2012 | ||
| 100 | _aDeitel, Paul | ||
| 245 | _aCómo programar en Java / Paul Deitel, Harvey Deitel | ||
| 250 | _a9 | ||
| 260 | _aMéxico: Pearson | ||
| 300 | _axxxiii, 661 p. / 26 cm. | ||
| 650 | _a1. LENGUAJE DE PROGRAMACIÓN | ||
| 700 | _aI. Deitel, Harvey, Coaut. | ||
| 999 |
_c27413 _d27413 |
||